00335 2200145 4500245005500000250001100055100002600066650001600092650000700108005001900115260001800134041001400152084001400166336000900180 aPerjalanan Penuh ArticFatih Bagus KurniawanhText aCet. 1 aFatih Bagus Kurniawan aKarya Siswa asc a20250526092355 aJakartac2025 aIndonesia a081 FAT p atext